00670nam a2200193 a 45000010005000000030009000050080041000140400028000550820015000831000028000982450065001262600044001913000010002354900028002456500025002739420012002989990017003109520149003273950CO-ViMGA141112s2004 ck r 000 u spa d aCO-ViMGAbspacCO-ViMGA04a928.6 O8471 aQuiroz, Fernando95420610aEl reino que estaba para mi. Conversaciones con Alvaro Mutis aSantafé de Bogotá : bNorma, c1993 a116 p aBiografias y documentos14aMutis, Alvaro954207 2ddccBK c15968d15968 00102ddc40708003aMEVIECARbMEVIECARd2015-12-04hVolumen. 1 | 11/jun/2009l0o928.6 O847 p3950r2018-04-28 00:00:00tEj. 1w2015-12-04yBK